000 00524nam a2200193Ia 4500
005 20250508161500.0
008 008 250505s9999 xx 000 0 eng d
037 _aTextual
040 _aFEDL
_beng
_cFEDL
041 _aeng
_2eng
084 _a301.153, SHA
_qFEDL
100 _aSharp Gene
245 0 _aGandhi faces the storm
260 _aAhmedabad, India
_bNavjivan Prakashan Mandir
_c1961
300 _axi,71p.
650 _aSociology
942 _cTEXL
_h301.153, SHA
999 _c1370223
_d1370223